Súčasné trendy v tvorbe distribuovaných systémov
Distribuované systémy predstavujú atraktívny prístup k tvorbe informačných systémov. Paradigmy tvorby distribuovaných systémov. Prednosti a nevýhody a niektoré aspekty ich implementácie. Príklady na funkčné systémy z praxe, ktoré ilustrujú možnosť aplikácie daného prístupu.
Gespeichert in:
| 1. Verfasser: | |
|---|---|
| Format: | Buchkapitel |
| Sprache: | Slowakisch |
| Schlagworte: | |
| Tags: |
Keine Tags, Fügen Sie das erste Tag hinzu!
|
MARC
| LEADER | 00000nla$a2200000$$$4500 | ||
|---|---|---|---|
| 001 | 0124225 | ||
| 005 | 20240502072413.2 | ||
| 041 | 0 | |a slo | |
| 044 | |a SK | ||
| 245 | 1 | 0 | |a Súčasné trendy v tvorbe distribuovaných systémov |c Ľubomír Janček |
| 520 | |a Distribuované systémy predstavujú atraktívny prístup k tvorbe informačných systémov. Paradigmy tvorby distribuovaných systémov. Prednosti a nevýhody a niektoré aspekty ich implementácie. Príklady na funkčné systémy z praxe, ktoré ilustrujú možnosť aplikácie daného prístupu. | ||
| 610 | 2 | 0 | |a systémy informačné |
| 610 | 2 | 0 | |a informatika |
| 610 | 2 | 0 | |a počítače |
| 610 | 2 | 0 | |a siete počítačové |
| 100 | 1 | |a Janček, Ľubomír | |